Vaupés (Registro nro. 5894)

Detalles MARC
000 -CABECERA
Campo de control 00723nam a2200241 a 4500
005 - FECHA Y HORA DE LA ULTIMA TRANSACCION
Campo de control 20160120163940.0
008 - ELEMENTOS DE LONGITUD FIJA—INFORMACION GENERAL
Campo de control 160120b2006 ck a gr|||| 00| 0 spa d
020 ## - ISBN
ISBN 9588317076
040 ## - FUENTE DE CATALOGACIÓN
Agencia catalogadora original CO-BoIAVH
Agencia transcriptora CO-BoIAVH
041 ## - IDIOMA
Código de idioma para texto/pista de sonido o título separado Español
082 #4 - NUMERO DE CLASIFICACION DECIMAL DEWEY
Número de clasificación 325.3
Número del ítem C71v
100 1# - ASIENTO PRINCIPAL--NOMBRE PERSONAL
Nombre personal Salazar C., Carlos Ariel
9 (RLIN) 53040
245 1# - MENCION DE TITULO
Título Vaupés
Parte restante del título entre la colonización y las fronteras
260 ## - PUBLICACION, DISTRIBUCION, ETC. (PIE DE IMPRENTA)
Lugar de publicación, distribución, etc. Bogotá
Nombre del editor, distribuidor, etc. SINCHI
Fecha de publicación, distribución, etc. 2006
300 ## - DESCRIPCION FISICA
Extensión 134 paginas.
Otros detalles físicos ilustraciones.:
Dimensiones 28 x 21 cm
650 #4 - ASIENTO SECUNDARIO DE MATERIA - TERMINO TEMATICO
Término temático o nombre geográfico como elemento de entrada Colonias
Subdivisión geográfica Vaupes
9 (RLIN) 53043
650 #4 - ASIENTO SECUNDARIO DE MATERIA - TERMINO TEMATICO
Término temático o nombre geográfico como elemento de entrada Antecedentes
9 (RLIN) 53044
650 #4 - ASIENTO SECUNDARIO DE MATERIA - TERMINO TEMATICO
Término temático o nombre geográfico como elemento de entrada Dinamicas de poblamiento
9 (RLIN) 53045
700 1# - ASIENTO SECUNDARIO - NOMBRE PERSONAL
Nombre personal Gutiérrez R., Franz
9 (RLIN) 53041
700 1# - ASIENTO SECUNDARIO - NOMBRE PERSONAL
Nombre personal FRanco A., Martín
9 (RLIN) 53042
942 ## - ELEMENTOS ADICIONALES (KOHA)
Tipo de ítem Libro
Sistema de clasificación Dewey Decimal Classification
945 ## - PROCESAMIENTO LOCAL
AAAA-MM-DD - Fecha de ingreso o modificacion 2007-10-24
Existencias
Withdrawn status Lost status Sistema de Clasificación Damaged status No para préstamo Colección Inventariado Ubicación Permanente Ubicación actual Fecha de adquisición Fuente de Valor Valor Total Checkouts Número topográfico Inventario / Código de Barras Date last seen Ejemplar Price effective from Forma de adquisición Tipo de material
    Dewey Decimal Classification     General Inventariado 2017 Bogotá Bogotá 24/10/2007 Instituto 39000.00   LB-325.3 C71v 025376 04/12/2012 Ej.1 04/12/2012   Libro